Normale Ansicht MARC-Ansicht ISBD

Pervyj S"ezd Narodnych Deputatov SSSR : (Titelsatznr. 27469)

[ MARC ]
MARC-Details
000 -Satzkennung
Kontrollfeld mit fester Länge 00523nac a22001931ca4500
001 - Kontrollnummer
Kontrollfeld a987687947
008 - Feld mit fester Länge zur physischen Beschreibung - Allgemeine Angaben
Kontrollfeld mit fester Länge 991231s1989 gw |||| 000u rus d
041 ## - Sprachcode
Sprachcode des Textes/der Tonspur oder des separaten Titels rus
040 ## - Katalogisierungsquelle
Übertragungsstelle RU-10907106
003 - Kontrollnummer Identifier
Kontrollfeld RU-10907106
245 00 - Titel
Titel Pervyj S"ezd Narodnych Deputatov SSSR :
Zusatz zum Titel 25 maja - 9 ijunja 1989 g. ; stenografičeskij otčet
264 ## - Produktion, Veröffentlichung, Distribution, Herstellung und Urheberrechtsvermerk
Herstellungs-, Veröffentlichungs- Vertriebs-, Erzeugungsort Moskva :
Produzent, Herausgeber, Distributor, Hersteller izd. Verchovnogo Soveta SSSR,
Datum der Herstellung, der Veröffentlichung, des Vertriebs oder des Urheberschutzvermerks 1989
300 ## - Physische Beschreibung
Umfang 6 Bände
648 #0 - Nebeneintragung unter einem Schlagwort - Zeitschlagwort
Zeitschlagwort <1917-1987>
650 #0 - Nebeneintragung unter einem Schlagwort - Sachschlagwort
Sachschlagwort oder geografischer Name als Eintragungselement Perestroika
651 #0 - Nebeneintragung unter einem Schlagwort - Geografischer Name
Geografischer Name Sowjetunion
942 ## - Zusätzliche Felder (Koha)
Koha-Medientyp Monographien
Exemplare
Ausgeschieden Verloren Beschädigt Nicht entleihbar Heimatbibliothek Aufenthaltsbibliothek Aufstellungsort Erwerbungsdatum Inventarnummer Signatur Barcode Letzte Aktivität Preis gültig von Koha-Medientyp
        MWN Osteuropa MWN Osteuropa Magazin - 2 22/03/2021 17-03381 R 65 ee SND 1 (Bde.) 27473 23/02/2021 22/03/2021 Monographien